[Event "World Rapid Women 2017"]
[Site "Riyadh KSA"]
[Date "2017.12.27"]
[Round "9.21"]
[White "Vijayalakshmi, Subbaraman"]
[Black "Ambartsumova, Karina"]
[Result "1/2-1/2"]
[WhiteElo "2297"]
[BlackElo "2388"]
[EventDate "2017.12.26"]

1. Nf3 Nf6 2. g3 g6 3. b3 Bg7 4. Bb2 O-O 5. Bg2 c5 6. c4 Nc6 7. O-O d6 8.
d4 cxd4 9. Nxd4 Bd7 10. Nc2 a6 11. Nc3 Rb8 12. a4 Bf5 13. Ne3 Be6 14. Rb1
Nb4 15. Qd2 Qd7 16. Rfd1 Rfd8 17. a5 Bf5 18. Rbc1 Nc6 19. Na4 Be6 20. Nb6
Qe8 21. f4 Nd7 22. Bxg7 Kxg7 23. Ned5 Nxb6 24. axb6 Qd7 25. b4 Rbc8 26. b5
Bxd5 27. Qxd5 axb5 28. cxb5 Na5 29. Qd4+ f6 30. Qb4 Rxc1 31. Rxc1 Ra8 32.
Kf2 Qe6 33. Ra1 Nc4 34. Rxa8 Qe3+ 35. Kf1 Qc1+ 36. Qe1 Ne3+ 37. Kf2 Ng4+
38. Kf1 Ne3+ 39. Kf2 Ng4+ 40. Kf1 Ne3+ 41. Kf2 Ng4+ 42. Kf1 Ne3+ 43. Kf2
1/2-1/2

[Event "World Rapid Women 2017"]
[Site "Riyadh KSA"]
[Date "2017.12.27"]
[Round "9.22"]
[White "Zhukova, Natalia"]
[Black "Lagno, Kateryna"]
[Result "0-1"]
[WhiteElo "2367"]
[BlackElo "2590"]
[EventDate "2017.12.26"]

1. Nf3 c5 2. c4 Nc6 3. d4 cxd4 4. Nxd4 Nf6 5. Nc3 e6 6. g3 Qb6 7. Ndb5 Ne5
8. Bg2 Nxc4 9. Qa4 a6 10. Qxc4 axb5 11. Nxb5 Bc5 12. O-O d5 13. Qd3 Ne4 14.
Bxe4 dxe4 15. Qc4 Bd7 16. Be3 Bxb5 17. Qxc5 Qxc5 18. Bxc5 Bxe2 19. Rfc1 Kd7
20. Rc3 Rhc8 21. a4 e5 22. a5 Ke6 23. h3 f5 24. Re1 Bb5 25. b4 Rd8 26. Bb6
Rac8 27. Rce3 Rd3 28. Bc5 Rcd8 29. Bb6 R8d5 30. Kh2 Bc6 31. h4 g6 32. Rc1
Kd7 33. Ree1 Rb3 34. Rc4 Rd2 35. Be3 Rdb2 36. Bc5 e3 37. Bxe3 Rxb4 38. Rc5
Rb1 39. Rcc1 Rxc1 40. Rxc1 Ra4 41. Bb6 Ke6 42. Kg1 f4 43. Kh2 Kf5 44. Kh3
h5 45. Re1 fxg3 46. Kxg3 Ra3+ 47. Kh2 Ra4 48. Kg3 Rg4+ 49. Kh3 Rc4 50. Kg3
Rc3+ 51. Kh2 Rd3 52. Bc7 Be4 53. Rg1 Ke6 54. Re1 Kd5 55. Re3 Rd4 56. Kg3
Bf5 57. Bxe5 Rg4+ 0-1

[Event "World Rapid Women 2017"]
[Site "Riyadh KSA"]
[Date "2017.12.27"]
[Round "9.23"]
[White "Saduakassova, Dinara"]
[Black "Munguntuul, Batkhuyag"]
[Result "1/2-1/2"]
[WhiteElo "2350"]
[BlackElo "2455"]
[EventDate "2017.12.26"]

1. d4 d5 2. c4 c6 3. Nf3 Nf6 4. e3 Bf5 5. Nc3 e6 6. Nh4 Be4 7. f3 Bg6 8.
Qb3 Qc7 9. Bd2 Be7 10. Nxg6 hxg6 11. O-O-O Nbd7 12. cxd5 cxd5 13. Kb1 O-O
14. g4 Nb6 15. h4 Nc4 16. h5 g5 17. Bxc4 dxc4 18. Qc2 b5 19. e4 b4 20. Na4
Nd7 21. Be3 Rab8 22. b3 c3 23. h6 g6 24. d5 e5 25. d6 Bxd6 26. Bxg5 Kh7 27.
Rd5 Nb6 28. Nxb6 axb6 29. Rhd1 Bc5 30. Qh2 Rbc8 31. Qc2 Bd4 32. f4 Rce8 33.
fxe5 Bxe5 34. Rd7 Qc5 35. Rf1 Kg8 36. Qf2 Qxf2 37. Rxf2 f6 38. h7+ Kh8 39.
Bh6 Rd8 40. Rb7 Rb8 41. Re7 Rfe8 42. Bg7+ Kxh7 43. Bxf6+ Rxe7 44. Bxe7 Bd4
45. Rh2+ Kg7 46. Bxb4 Re8 47. Re2 Kf6 48. Kc2 Kg5 49. Bd6 Kxg4 50. e5 Kf5
51. Kd3 Bxe5 52. Rf2+ Kg4 53. Bxe5 Rxe5 54. Rf6 g5 55. Kxc3 b5 56. Kb4 Kg3
57. a4 bxa4 58. bxa4 g4 59. a5 Kg2 60. a6 Re7 61. Kb5 g3 1/2-1/2

[Event "World Rapid Women 2017"]
[Site "Riyadh KSA"]
[Date "2017.12.27"]
[Round "9.24"]
[White "Cori T., Deysi"]
[Black "Mkrtchian, Lilit"]
[Result "1/2-1/2"]
[WhiteElo "2352"]
[BlackElo "2423"]
[EventDate "2017.12.26"]

1. d4 Nf6 2. Nf3 e6 3. e3 b6 4. Bd3 Bb7 5. O-O d5 6. c4 Bd6 7. Qe2 a6 8.
Nbd2 Ne4 9. cxd5 exd5 10. Ne5 Nd7 11. Qg4 Bxe5 12. dxe5 Nxe5 13. Qxg7 Qf6
14. Qxf6 Nxf6 15. Bf5 Rg8 16. f4 Nc4 17. Nf3 Nd6 18. Bh3 Nfe4 19. b3 c5 20.
Bb2 Ke7 21. Rad1 f6 22. Nh4 a5 23. a4 Rab8 24. Rfe1 Rgd8 25. Rd3 Bc6 26.
Nf5+ Nxf5 27. Bxf5 h6 28. Red1 Nd6 29. Bg4 c4 30. Rc3 Ne4 31. Rcc1 Nc5 32.
bxc4 dxc4 33. Ba3 Bxa4 34. Rxd8 Kxd8 35. Bxc5 bxc5 36. Rxc4 Rb1+ 37. Kf2
Rb2+ 38. Kg3 Bb5 39. Rxc5 a4 40. Be6 Ke7 41. f5 Kd6 42. Rd5+ Kc7 43. Rc5+
Kb6 44. Rc8 a3 45. Rf8 Bf1 46. Rxf6 Rxg2+ 47. Kf4 Kc5 48. Rxh6 a2 49. Bxa2
Rxa2 50. Ke5 Re2 51. e4 Bg2 52. Rh4 Kc6 53. f6 Kd7 54. Rg4 Ke8 55. h4 Kf7
56. h5 Rxe4+ 57. Rxe4 Bxe4 58. Kxe4 Kxf6 1/2-1/2

[Event "World Rapid Women 2017"]
[Site "Riyadh KSA"]
[Date "2017.12.27"]
[Round "9.25"]
[White "Nechaeva, Marina"]
[Black "Mamedjarova, Turkan"]
[Result "1-0"]
[WhiteElo "2419"]
[BlackElo "2286"]
[EventDate "2017.12.26"]

1. d4 d5 2. c4 e6 3. Nc3 Nf6 4. cxd5 exd5 5. Bg5 Be7 6. e3 c6 7. Bd3 O-O 8.
Qc2 Nbd7 9. Nf3 Re8 10. h3 h6 11. Bf4 Bb4 12. O-O Qe7 13. a3 Bxc3 14. bxc3
Ne4 15. c4 Nf8 16. cxd5 cxd5 17. Rfc1 Ng6 18. Bh2 Qf6 19. Qe2 Bd7 20. Ne5
Nxe5 21. Bxe5 Qg5 22. Bf4 Qf6 23. Rab1 Bc6 24. Rb2 Rac8 25. Rbc2 Qe7 26. a4
Qb4 27. Qg4 Nf6 28. Qh4 Qe7 29. Be5 Nd7 30. Qxe7 Rxe7 31. Bd6 Re6 32. Bg3
g6 33. a5 a6 34. Rb2 Ra8 35. Be2 h5 36. Rc3 Nf6 37. f3 Ne8 38. Be5 f6 39.
Bg3 Ng7 40. Bf2 Nf5 41. e4 Ne7 42. Rc5 Kg7 43. exd5 Nxd5 44. Bc4 Rd6 45.
Bg3 Rd7 46. Rd2 g5 47. Bd3 Rad8 48. Bxa6 Nb4 49. Bb5 Rxd4 50. Rxd4 Rxd4 51.
Bxc6 bxc6 52. Rxg5+ Kh6 53. Rc5 Rd1+ 54. Kh2 Kg6 55. Rc4 Nd5 56. Bf2 Rd2
57. Bb6 Ra2 58. Kg3 Ne7 59. Kh2 Nd5 60. h4 Kf5 61. Rxc6 Nf4 62. Rc5+ Kg6
63. Kg3 Ne2+ 64. Kh2 Nf4 65. Rc4 Nxg2 66. Kh3 Kf5 67. Bc7 Ne3 68. Rc5+ Kg6
69. Rc6 Nd5 70. Bd8 Nf4+ 71. Kg3 Ne2+ 72. Kh3 Ng1+ 73. Kg3 Ne2+ 74. Kh3
Nf4+ 75. Kg3 Ne2+ 76. Kh3 Nf4+ 77. Kg3 Ne2+ 78. Kh3 1-0

[Event "World Rapid Women 2017"]
[Site "Riyadh KSA"]
[Date "2017.12.27"]
[Round "9.26"]
[White "Assaubayeva, Bibisara"]
[Black "Hoolt, Sarah"]
[Result "1-0"]
[WhiteElo "1949"]
[BlackElo "2405"]
[EventDate "2017.12.26"]

1. d4 Nf6 2. c4 e6 3. Nf3 Bb4+ 4. Nbd2 b6 5. a3 Bxd2+ 6. Qxd2 Bb7 7. b4 d6
8. e3 a5 9. Bb2 O-O 10. Be2 Nbd7 11. O-O Ne4 12. Qc2 f5 13. d5 e5 14. Nd2
Nxd2 15. Qxd2 Qh4 16. f4 Rae8 17. Bd3 Qh5 18. Rae1 Nf6 19. h3 Bc8 20. bxa5
bxa5 21. Qxa5 Re7 22. a4 Qh4 23. fxe5 dxe5 24. Ba3 f4 25. Bxe7 Bxh3 26. Qd2
Rf7 27. Bxf6 gxf6 28. gxh3 Qxh3 29. Qh2 Rg7+ 30. Kh1 Qg4 31. exf4 exf4 32.
Rxf4 Qg5 33. Rg1 1-0

[Event "World Rapid Women 2017"]
[Site "Riyadh KSA"]
[Date "2017.12.27"]
[Round "9.27"]
[White "Gevorgyan, Maria"]
[Black "Gaponenko, Inna"]
[Result "0-1"]
[WhiteElo "2138"]
[BlackElo "2399"]
[EventDate "2017.12.26"]

1. e4 d6 2. d4 Nf6 3. Nc3 g6 4. f4 Bg7 5. Nf3 O-O 6. Bd3 Nc6 7. O-O e5 8.
fxe5 dxe5 9. d5 Ne7 10. Bg5 Ne8 11. Qd2 f6 12. Bh4 Nd6 13. Nd1 c6 14. c4
cxd5 15. cxd5 Bd7 16. Qb4 Qb6+ 17. Qxb6 axb6 18. Nxe5 fxe5 19. Bxe7 Rxf1+
20. Kxf1 Nb5 21. Nc3 Nd4 22. Bc4 b5 23. Bd3 Bf8 24. Bxf8 Kxf8 25. Ne2 Nb3
26. Rd1 Rxa2 27. Kf2 Rxb2 28. Ke3 b4 29. d6 Nc5 30. Bc4 Rc2 31. Rf1+ Ke8
32. Bg8 Rxe2+ 33. Kxe2 Bb5+ 34. Ke1 Bxf1 35. Kxf1 b3 36. Ke2 b2 37. Ba2
Nxe4 38. Kd3 Nxd6 39. Kc2 Ke7 40. Kxb2 Kf6 41. Kc3 Kf5 42. Kd3 e4+ 43. Ke3
Ke5 44. Bg8 h6 45. Bb3 b5 46. Bc2 g5 47. g3 Nc4+ 48. Ke2 Kd4 49. Bb1 b4 50.
Bc2 Na5 51. Kd2 b3 52. Bd1 Nc4+ 53. Kc1 Kc3 54. Bc2 bxc2 55. h4 Nb2 0-1

[Event "World Rapid Women 2017"]
[Site "Riyadh KSA"]
[Date "2017.12.27"]
[Round "9.28"]
[White "Michna, Marta"]
[Black "Savina, Anastasia"]
[Result "0-1"]
[WhiteElo "2306"]
[BlackElo "2394"]
[EventDate "2017.12.26"]

1. d4 Nf6 2. c3 g6 3. Nf3 Bg7 4. h3 b6 5. Bf4 Bb7 6. Nbd2 O-O 7. Qc2 c5 8.
dxc5 bxc5 9. e4 d6 10. Be2 Nbd7 11. O-O a5 12. Bb5 Ba6 13. Bxa6 Rxa6 14. a4
Qa8 15. Rfe1 Qc6 16. Nc4 Nb6 17. Nfd2 Nfd7 18. Bg5 Re8 19. Qd3 Nxc4 20.
Nxc4 Ne5 21. Nxe5 Bxe5 22. Qc4 Rb6 23. Re2 Qb7 24. Rb1 Qa6 25. Qxa6 Rxa6
26. f4 Bg7 27. Rd1 Kf8 28. e5 dxe5 29. fxe5 Re6 30. Rd5 Rc8 31. Kf1 Rb6 32.
Rd7 Re6 33. Rd5 Rec6 34. Red2 f6 35. exf6 Bxf6 36. Bxf6 Rxf6+ 37. Ke2 Rf4
38. Rd8+ Rxd8 39. Rxd8+ Kf7 40. Rc8 Rxa4 41. Rxc5 Ra1 42. Kf3 Ke6 43. Rc8
a4 44. Ra8 Ra2 45. Ra5 Kf6 46. c4 Rxb2 47. Rxa4 h5 48. Ra6+ e6 49. h4 Rc2
50. Rc6 Kf5 51. Rc8 Rc3+ 52. Kf2 Kf4 53. Rg8 Rc2+ 54. Kg1 Kf5 55. Rf8+ Ke5
56. Rc8 Kf4 57. Rg8 Rxc4 58. Rxg6 e5 59. Rf6+ Kg4 60. Rg6+ Kf4 61. Rf6+ Ke3
62. Rf5 e4 63. Rxh5 Rc1+ 64. Kh2 Kf4 65. Rh8 e3 66. Re8 Rc5 67. Kh3 Re5 68.
Rxe5 Kxe5 69. Kg3 Ke4 70. h5 Kd3 71. h6 e2 0-1

[Event "World Rapid Women 2017"]
[Site "Riyadh KSA"]
[Date "2017.12.27"]
[Round "9.29"]
[White "Arakhamia-Grant, Ketevan"]
[Black "Gvetadze, Sofio"]
[Result "1/2-1/2"]
[WhiteElo "2380"]
[BlackElo "2281"]
[EventDate "2017.12.26"]

1. e4 d6 2. d4 Nf6 3. Nc3 g6 4. Be3 Bg7 5. f3 c6 6. Qd2 b5 7. g4 h5 8. g5
Nh7 9. O-O-O Qa5 10. Kb1 b4 11. Nce2 Nd7 12. Nc1 Rb8 13. f4 Qc7 14. Nf3 c5
15. e5 c4 16. Qe2 Nb6 17. d5 Bf5 18. Bxb6 Qxb6 19. Qxc4 O-O 20. Bd3 Rfc8
21. Qd4 Bg4 22. Qxb6 Rxb6 23. Rdf1 Bxf3 24. Rxf3 dxe5 25. h4 Rd6 26. fxe5
Bxe5 27. Rhf1 Rf8 28. Be4 a5 29. Nd3 Bd4 30. Nf4 Be5 31. Nd3 Bd4 32. Re1
Kg7 33. Rff1 Re8 34. Bg2 e6 35. dxe6 Rdxe6 36. Rxe6 Rxe6 37. Bd5 Re7 38. a3
bxa3 39. c3 Ba7 40. bxa3 Nf8 41. Kc2 Nd7 42. Re1 Rxe1 43. Nxe1 Ne5 44. Kb3
Kf8 45. Ka4 Bc5 46. Kxa5 Bxa3 47. c4 Ke7 48. Kb5 Kd6 49. Ng2 Bc5 50. Nf4
Bf2 51. Ng2 Bg1 52. Nf4 Be3 53. Ng2 Bf2 54. Be4 Nd7 55. Bd5 Ne5 56. Be4 Nd7
1/2-1/2

[Event "World Rapid Women 2017"]
[Site "Riyadh KSA"]
[Date "2017.12.27"]
[Round "9.30"]
[White "Shuvalova, Polina"]
[Black "Galojan, Lilit"]
[Result "1-0"]
[WhiteElo "2241"]
[BlackElo "2378"]
[EventDate "2017.12.26"]

1. d4 Nf6 2. c4 g6 3. Nc3 Bg7 4. e4 d6 5. Nge2 O-O 6. Ng3 e5 7. d5 a5 8.
Be2 Na6 9. h4 h6 10. h5 g5 11. Be3 Nc5 12. Qc2 Bd7 13. O-O-O Ne8 14. f3 Bf6
15. Kb1 Ng7 16. Nf1 b6 17. g3 a4 18. g4 Qe7 19. Ng3 Rfb8 20. Kc1 Qd8 21.
Kd2 Na6 22. Ke1 Nb4 23. Qd2 Be7 24. Kf2 Ra5 25. Nb5 Na6 26. b4 axb3 27.
axb3 Ra8 28. Rb1 Nc5 29. Nc3 Nb7 30. Rhc1 Ra3 31. b4 R3a7 32. Qb2 Ra3 33.
Ra1 Rxa1 34. Rxa1 Qb8 35. Ra2 Bc8 36. Qa1 Rxa2 37. Qxa2 Nd8 38. Qa4 Kf8 39.
Nf1 Qb7 40. Nb5 Ne8 41. Nd2 Qa6 42. Qxa6 Bxa6 43. Na7 Nf6 44. c5 Bxe2 45.
cxb6 Ba6 46. bxc7 Ne8 47. c8=Q Bxc8 48. Nxc8 Nc7 49. Na7 Nb7 50. Nc4 Ke8
51. Ke2 Na6 52. Nc6 Bd8 53. Kd3 Kd7 54. Kc3 Bf6 55. Kb3 Nc7 56. Ka4 Bd8 57.
b5 Bf6 58. b6 Na6 59. Kb5 Nac5 60. N4a5 Bd8 61. Bxc5 Nxc5 62. b7 Bc7 63.
b8=Q Bxb8 64. Nxb8+ Ke7 65. Nbc6+ Kf6 66. Nc4 Nd3 67. Nxd6 Ne1 68. Ne8# 1-0

[Event "World Rapid Women 2017"]
[Site "Riyadh KSA"]
[Date "2017.12.27"]
[Round "9.31"]
[White "Sukandar, Irine Kharisma"]
[Black "Ding, Yixin"]
[Result "1/2-1/2"]
[WhiteElo "2376"]
[BlackElo "2339"]
[EventDate "2017.12.26"]

1. e4 c5 2. Nf3 g6 3. d4 cxd4 4. Nxd4 Bg7 5. c4 Nc6 6. Nc2 Nf6 7. Nc3 O-O
8. Be2 d6 9. O-O Nd7 10. Rb1 Bxc3 11. bxc3 Nc5 12. Bh6 Re8 13. Nd4 Bd7 14.
Qc2 Rc8 15. Rfe1 b6 16. Bf1 Ne6 17. Nxc6 Bxc6 18. Rbd1 Qd7 19. Qc1 Nc5 20.
e5 Qf5 21. exd6 exd6 22. Rxe8+ Bxe8 23. Qf4 Qxf4 24. Bxf4 Ne4 25. Rc1 g5
26. Be3 f6 27. Bd4 Kf7 28. Bd3 Nc5 29. Bxh7 Bd7 30. Rd1 Be6 31. Bb1 Na4 32.
Bc2 Nb2 33. Re1 Bxc4 34. Bf5 Rc7 35. Re3 Na4 36. Rh3 Re7 37. f3 Re1+ 38.
Kf2 Re2+ 39. Kg3 Rxa2 40. Rh7+ Kf8 41. Bxf6 Bf1 42. Bh3 Nc5 43. Bxg5 a5 44.
Ra7 Ke8 45. Re7+ Kf8 46. Re1 Be2 47. Bf5 a4 48. h4 a3 49. h5 Bd3 50. Bxd3
Nxd3 51. Rd1 Rb2 52. c4 a2 53. Bf6 Ne5 54. Bxe5 dxe5 55. Rd8+ Kg7 56. Ra8
Kh6 57. Kh3 Kxh5 58. g4+ Kg5 59. Kg3 Rc2 60. Rg8+ Kf6 61. Ra8 Ke6 62. Ra6
Rxc4 63. Rxb6+ Kd5 64. Ra6 Rc2 65. g5 Kd4 66. g6 Rc6 67. Rxa2 Rxg6+ 68. Kf2
1/2-1/2

[Event "World Rapid Women 2017"]
[Site "Riyadh KSA"]
[Date "2017.12.27"]
[Round "9.32"]
[White "Socko, Monika"]
[Black "Mammadova, Gulnar"]
[Result "1/2-1/2"]
[WhiteElo "2421"]
[BlackElo "2337"]
[EventDate "2017.12.26"]

1. d4 d5 2. c4 c6 3. cxd5 cxd5 4. Nc3 Nf6 5. Bf4 Nc6 6. e3 Bf5 7. Qb3 Na5
8. Qa4+ Bd7 9. Qc2 Rc8 10. Bd3 e6 11. Nf3 Be7 12. Ne5 O-O 13. O-O h6 14.
Qe2 a6 15. Rac1 b5 16. a3 Nc4 17. Nxd7 Qxd7 18. Be5 Qd8 19. Bb1 Nxe5 20.
dxe5 Nd7 21. f4 Nc5 22. Rcd1 Qc7 23. e4 dxe4 24. Nxe4 Nxe4 25. Qxe4 f5 26.
exf6 Rxf6 27. Ba2 Qc6 28. Qxc6 Rxc6 29. f5 b4 30. Bxe6+ Kh7 31. a4 Bd6 32.
Kh1 Be5 33. b3 a5 34. Rfe1 Rc5 35. Rd7 h5 36. g3 Kh6 37. Rd8 g6 38. Rh8+
Kg7 39. Rg8+ Kh6 40. Re8 gxf5 41. Bc4 Bc3 42. Rh8+ Kg5 43. h4+ Kg6 44. Rg8+
Kh6 45. Ree8 Rg6 46. Bf7 Rxg8 47. Rxg8 f4 48. Be8 f3 49. Rg6+ Kh7 50. Rg5
Rxg5 51. hxg5 Be5 52. Bxh5 Bxg3 53. Bxf3 Kg6 1/2-1/2

[Event "World Rapid Women 2017"]
[Site "Riyadh KSA"]
[Date "2017.12.27"]
[Round "9.33"]
[White "Voit, Daria"]
[Black "Batchimeg, Tuvshintugs"]
[Result "0-1"]
[WhiteElo "2397"]
[BlackElo "2302"]
[EventDate "2017.12.26"]

1. d4 Nf6 2. c4 c5 3. d5 b5 4. cxb5 a6 5. bxa6 g6 6. Nc3 Bg7 7. Nf3 O-O 8.
g3 d6 9. Bg2 Bf5 10. Nd2 Nxa6 11. O-O Nb4 12. e4 Bg4 13. Bf3 Bh3 14. Re1
Nd3 15. Re2 Nd7 16. Nc4 N7e5 17. Nxe5 Nxe5 18. Rc2 f5 19. Bg2 Bxg2 20. Kxg2
fxe4 21. Nxe4 Nf3 22. a4 Qd7 23. Ra3 Nd4 24. Rd2 Qb7 25. Nc3 e6 26. f4 exd5
27. h4 Nf5 28. Qf3 Bxc3 29. bxc3 Ne7 30. Rb2 Qc7 31. Re2 Rf7 32. c4 Qd7 33.
a5 Qc7 34. Bd2 Qc6 35. cxd5 Qc7 36. Bc3 Nf5 37. Qd3 c4 38. Qd2 Qc5 39. Bb4
Qb5 40. Re4 Rb8 41. Bc3 Qc5 42. Ra4 Rb1 43. Re1 Rxe1 44. Qxe1 Qxd5+ 45. Kh2
Re7 46. Qf2 Re3 47. Bd2 Rd3 48. Ra2 Nd4 49. Be3 Nf3+ 50. Kh3 Qe4 51. a6
Rxe3 52. a7 Qf5+ 53. g4 Ng1+ 54. Kh2 Rh3+ 55. Kxg1 Qb1+ 56. Qf1 Qxa2 57.
Qxh3 Qxa7+ 58. Kf1 Qa1+ 59. Kg2 Qb2+ 60. Kg1 Qc1+ 61. Kg2 Qxf4 62. g5 Qf5
63. Qe3 Qd5+ 64. Kf2 Qc5 0-1

[Event "World Rapid Women 2017"]
[Site "Riyadh KSA"]
[Date "2017.12.27"]
[Round "9.34"]
[White "Zatonskih, Anna"]
[Black "Szczepkowska, Karina"]
[Result "0-1"]
[WhiteElo "2388"]
[BlackElo "2272"]
[EventDate "2017.12.26"]

1. e4 e5 2. Nf3 Nc6 3. Nc3 Nf6 4. d4 Bb4 5. d5 Ne7 6. Bd3 d6 7. Bd2 Ng6 8.
a3 Bxc3 9. Bxc3 O-O 10. Bd2 h6 11. O-O Nh7 12. Be3 Bg4 13. h3 Bd7 14. c4
Qc8 15. c5 dxc5 16. Bxc5 Bxh3 17. gxh3 Qxh3 18. Re1 Qg4+ 19. Kh1 Rfe8 20.
Rg1 Qh3+ 21. Nh2 Ng5 22. Be3 Nf4 23. Bf1 Qd7 24. f3 f5 25. Bxf4 exf4 26.
exf5 Qxf5 27. Bd3 Qf7 28. Bc4 Kh8 29. Rc1 Qh5 30. Rg4 Re3 31. Rxf4 Rae8 32.
Qf1 Nh3 33. Rg4 Ng5 34. Rg3 Rf8 35. Be2 Ne4 36. Rg2 Qh4 37. Qg1 Rxe2 38.
fxe4 Qxe4 39. Rf1 Rxf1 40. Nxf1 Qxd5 41. Nh2 Rxb2 42. Qf1 Rxg2 43. Qxg2
Qxg2+ 44. Kxg2 Kh7 45. Nf3 Kg6 46. Nd4 Kf6 47. Nb5 c6 48. Nxa7 Ke5 49. Nc8
b5 50. Kf3 Kd4 51. Ne7 c5 0-1

[Event "World Rapid Women 2017"]
[Site "Riyadh KSA"]
[Date "2017.12.27"]
[Round "9.35"]
[White "Hoang, Thanh Trang"]
[Black "Enkhtuul, Altan-Ulzii"]
[Result "1-0"]
[WhiteElo "2364"]
[BlackElo "2206"]
[EventDate "2017.12.26"]

1. d4 Nf6 2. Bf4 g6 3. e3 Bg7 4. Nf3 O-O 5. Be2 d6 6. O-O Nbd7 7. h3 b6 8.
a4 a6 9. Nbd2 Bb7 10. Bh2 Qe8 11. a5 b5 12. c4 b4 13. c5 dxc5 14. Bxc7 cxd4
15. exd4 Nd5 16. Bh2 e5 17. Re1 exd4 18. Bxa6 Qc8 19. Bxb7 Qxb7 20. Nb3 d3
21. Qxd3 Bxb2 22. a6 Qc6 23. Ra5 N5f6 24. Nfd4 Qc3 25. Qb1 Rfe8 26. Rd1 Ba3
27. Nb5 Qc6 28. Nc7 Ne4 29. Nxe8 Rxe8 30. Re1 Nb6 31. a7 Nc3 32. Rxe8+ Qxe8
33. Qf1 Na8 34. Bb8 Qe6 35. Nd2 Ne2+ 36. Kh1 Nd4 37. Re5 Qc8 38. Qe1 Ne6
39. Nb3 Bb2 40. Re3 Bc3 41. Qe2 Qc6 42. Qf3 Qxf3 43. Rxf3 Kf8 44. Rd3 Ke8
45. Kg1 f5 46. Kf1 Bf6 47. Ke2 Bd8 48. Rd5 Nec7 49. Re5+ Kd7 50. Kd3 Bf6
51. Rc5 Na6 52. Rc4 Be7 53. Na5 Bc5 54. f4 Nb6 55. Rc1 Na8 56. Kc4 Bd6 57.
Rd1 N6c7 58. Nb7 Nb6+ 59. Kb3 1-0

[Event "World Rapid Women 2017"]
[Site "Riyadh KSA"]
[Date "2017.12.27"]
[Round "9.36"]
[White "Sedina, Elena"]
[Black "Bulmaga, Irina"]
[Result "1-0"]
[WhiteElo "2333"]
[BlackElo "2347"]
[EventDate "2017.12.26"]

1. e4 e5 2. Nf3 Nc6 3. Nc3 Nf6 4. g3 Bc5 5. Bg2 d6 6. d3 a6 7. O-O Bg4 8.
h3 Bxf3 9. Bxf3 h6 10. Bg2 Qd7 11. Ne2 d5 12. exd5 Nxd5 13. Nc3 Nxc3 14.
bxc3 O-O 15. Qg4 Qd6 16. Rb1 Rab8 17. Kh2 Kh8 18. f4 f5 19. Qd1 Bb6 20.
fxe5 Nxe5 21. Qh5 Qe6 22. Bf4 Nf7 23. c4 Ba5 24. Rxb7 Rxb7 25. Bxb7 Qf6 26.
Bg2 Re8 27. Bc1 Nd6 28. c5 Qf7 29. Qxf7 Nxf7 30. Rxf5 Nd8 31. Bb2 c6 32.
Be5 Kg8 33. d4 Bb4 34. Bf1 a5 35. Bc4+ Kh7 36. Bd6 Nb7 37. Be5 Nd8 38. Bd6
Nb7 39. Bf4 Re7 40. Re5 Rxe5 41. Bxe5 Bc3 42. Bd3+ Kg8 43. Be4 Nd8 44. Bc7
Ne6 45. Bd6 Nxd4 46. Kg2 Kf7 47. Be5 g6 48. Bh8 Ke6 49. Bxg6 Kd5 50. Bg7
Bd2 51. Bf8 Kc4 52. Kf2 a4 53. Bd3+ Kb4 54. Bg7 Ne6 55. Bb2 a3 56. Bf6 Kxc5
57. Be7+ Kd5 58. Bxa3 Bc3 59. h4 c5 60. Bh7 Nd4 61. Bc1 h5 62. Bg6 c4 63.
a4 Kc5 64. Ke3 Kb4 65. Bd2 Bxd2+ 66. Kxd2 c3+ 67. Kd3 Nf3 68. Ke3 Nd2 69.
Bxh5 Nc4+ 70. Kd4 Na3 71. Bg6 Nb1 72. h5 Kxa4 73. h6 Na3 74. h7 Nb5+ 75.
Kc5 1-0

[Event "World Rapid Women 2017"]
[Site "Riyadh KSA"]
[Date "2017.12.27"]
[Round "9.37"]
[White "Zozulia, Anna"]
[Black "Li, Ruofan"]
[Result "0-1"]
[WhiteElo "2256"]
[BlackElo "2397"]
[EventDate "2017.12.26"]

1. e4 c5 2. Nf3 a6 3. Nc3 d6 4. d4 cxd4 5. Nxd4 e6 6. Be2 b5 7. O-O Bb7 8.
Bf3 Nd7 9. g3 Ngf6 10. a3 Be7 11. Bg2 Qc7 12. Qe2 O-O 13. Bd2 Rac8 14. Rad1
Rfe8 15. g4 Nb6 16. g5 Nfd7 17. Bc1 Nc4 18. Rd3 Bf8 19. Rh3 g6 20. b3 Bg7
21. Ndxb5 axb5 22. Nxb5 Qb8 23. bxc4 Nb6 24. c5 Rxc5 25. Be3 Rc6 26. Nd4
Rcc8 27. Rb1 Na4 28. Qd2 Qa8 29. Nb5 Red8 30. Qb4 Nc3 31. Nxc3 Bxc3 32. Qb3
Bxe4 33. Rg3 Be5 34. Bxe4 Qxe4 35. f3 Qf5 36. Rg2 Qxf3 37. Rf1 Qe4 38. Qd3
Qxd3 39. cxd3 Rc3 40. a4 Ra8 41. Rgf2 Rxd3 42. Bb6 f5 43. gxf6 Bd4 44. Bxd4
Rxd4 45. f7+ Kf8 46. a5 Rd5 47. Rf6 Rg5+ 48. Kh1 Re5 49. Rb1 Kg7 50. Rf2
Rexa5 51. Rb7 Rf8 52. Re7 Re5 53. Rd7 d5 54. Re7 h6 55. Kg2 g5 56. Kg3 Re3+
57. Kg2 d4 58. Rd7 e5 59. Rf5 Re4 60. Re7 Rg4+ 61. Kh3 Rf4 62. Rfxe5 R8xf7
63. R7e6 R7f6 64. Re8 Rf2 65. R5e7+ Kg6 66. Re6 d3 67. Rxf6+ Rxf6 68. Rd8
Rf3+ 69. Kg2 g4 70. Rd5 Rh3 71. Kg1 h5 72. Kg2 Kf6 73. Rd8 Ke5 74. Kg1 Ke4
75. Re8+ Kd4 76. Rd8+ Ke3 77. Re8+ Kd2 78. Kg2 Kd1 79. Re1+ 0-1

[Event "World Rapid Women 2017"]
[Site "Riyadh KSA"]
[Date "2017.12.27"]
[Round "9.38"]
[White "Ordaz Valdes, Lisandra Teresa"]
[Black "Skripchenko, Almira"]
[Result "1/2-1/2"]
[WhiteElo "2330"]
[BlackElo "2448"]
[EventDate "2017.12.26"]

1. d4 d6 2. c4 e5 3. Nc3 exd4 4. Qxd4 Nc6 5. Qd2 Nf6 6. b3 a5 7. Bb2 a4 8.
Rd1 axb3 9. axb3 g6 10. g3 Bg7 11. Bg2 O-O 12. Nf3 Re8 13. O-O Bf5 14. Nh4
Be6 15. Ra1 Rxa1 16. Rxa1 Nd7 17. Nd5 Nc5 18. Bxg7 Kxg7 19. Qc3+ f6 20. Ra8
Qxa8 21. Qxf6+ Kh6 22. Qf4+ Kg7 23. Qf6+ Kh6 24. Qf4+ Kg7 1/2-1/2

[Event "World Rapid Women 2017"]
[Site "Riyadh KSA"]
[Date "2017.12.27"]
[Round "9.39"]
[White "Kulon, Klaudia"]
[Black "Javakhishvili, Lela"]
[Result "0-1"]
[WhiteElo "2325"]
[BlackElo "2388"]
[EventDate "2017.12.26"]

1. c4 Nf6 2. g3 e6 3. Bg2 d5 4. Nf3 dxc4 5. Qa4+ Bd7 6. Qxc4 c5 7. O-O Bc6
8. d3 Nbd7 9. a4 Be7 10. e4 O-O 11. Qc2 Rc8 12. Nbd2 b6 13. Nc4 Bb7 14. b3
Nb8 15. Nfe5 Na6 16. Bb2 Nb4 17. Qe2 Ne8 18. Rfd1 f6 19. Nf3 e5 20. Bh3 Rb8
21. Be6+ Kh8 22. Ncxe5 fxe5 23. Nxe5 Nc6 24. Nd7 Nf6 25. Nxb8 Qxb8 26. e5
Ng8 27. Qh5 Qd8 28. Bf5 Nh6 29. Be4 Bc8 30. h3 Nd4 31. Bc1 Nhf5 32. Rf1
Nxb3 33. Rb1 Nbd4 34. a5 b5 35. Be3 b4 36. Rfc1 Be6 37. a6 b3 38. h4 Nc2
39. Bg5 g6 40. Qd1 Bxg5 41. hxg5 Qxg5 42. Rxc2 bxc2 43. Qxc2 c4 44. dxc4
Nd4 45. Qd3 Qxe5 46. Rb7 Bxc4 47. Qe3 Rf7 48. f4 Qc5 49. Kg2 Kg8 50. Bf3
Ne6 51. Qc3 Qd4 52. Qb4 Kg7 53. Qa3 Bd5 54. Kh3 Bxf3 55. Qxf3 Qc5 56. Qb3
Kf6 57. Qb2+ Qd4 58. Qb3 Rd7 59. Qb5 Ke7 60. Qc6 Qd6 61. Qc8 Nc5 62. Rb8
Qe6+ 63. Kh4 Qf6+ 64. Kh3 Qf5+ 65. g4 Rd3+ 66. Kh4 Qf6+ 67. g5 Qxf4+ 0-1

[Event "World Rapid Women 2017"]
[Site "Riyadh KSA"]
[Date "2017.12.27"]
[Round "9.40"]
[White "Bivol, Alina"]
[Black "Fierro Baquero, Martha L."]
[Result "1-0"]
[WhiteElo "2353"]
[BlackElo "2318"]
[EventDate "2017.12.26"]

1. Nf3 g6 2. g3 Bg7 3. d4 Nf6 4. Bg2 O-O 5. O-O c6 6. Nbd2 d5 7. b3 Nbd7 8.
Bb2 Ne4 9. c4 Ndf6 10. Rc1 Bf5 11. h3 Nxd2 12. Nxd2 Qd7 13. Kh2 Ne4 14.
Nxe4 Bxe4 15. f3 Bf5 16. e4 Be6 17. Qd2 Rfd8 18. Rfd1 a5 19. Rc2 a4 20.
cxd5 cxd5 21. e5 axb3 22. axb3 Qb5 23. Bc3 Ra3 24. Bb4 Rxb3 25. Bxe7 Re8
26. Bf6 Bf5 27. Ra2 Rd3 28. Qc1 Rxd1 29. Qxd1 Bf8 30. Bf1 Qb6 31. h4 h5 32.
g4 hxg4 33. fxg4 Be4 34. h5 Bg7 35. Bxg7 Kxg7 36. Qd2 Qb1 37. Qf2 Re6 38.
Rb2 Qd1 39. Rxb7 Qf3 40. Qxf3 Bxf3 41. Kg3 Be4 42. Bb5 gxh5 43. gxh5 Rh6
44. Be8 Rxh5 45. Rxf7+ Kg8 46. Rg7+ Kxg7 47. Bxh5 Bd3 48. Kf4 Bc2 49. Kg5
Bd3 50. e6 Kf8 51. Kf6 1-0